<?xml version="1.0" encoding="UTF-8"?>
<collection xmlns="http://www.loc.gov/MARC21/slim">
 <record>
  <leader>01077nam a2200265 a 4500</leader>
  <controlfield tag="001">1/37910</controlfield>
  <controlfield tag="008">090713s2008    ne a     b    001 0 eng  </controlfield>
  <datafield tag="020" ind1=" " ind2=" ">
   <subfield code="a">9780444515582</subfield>
  </datafield>
  <datafield tag="035" ind1=" " ind2=" ">
   <subfield code="l">40526</subfield>
  </datafield>
  <datafield tag="040" ind1=" " ind2=" ">
   <subfield code="a">DLC</subfield>
   <subfield code="c">DLC</subfield>
   <subfield code="d">DLC</subfield>
   <subfield code="d">GR-PeUP</subfield>
  </datafield>
  <datafield tag="041" ind1="0" ind2=" ">
   <subfield code="a">eng</subfield>
  </datafield>
  <datafield tag="245" ind1="0" ind2="0">
   <subfield code="a">Handbook of financial intermediation and banking</subfield>
   <subfield code="h">[electronic resource] /</subfield>
   <subfield code="c">edited by Anjan V. Thakor, Arnoud W.A. Boot.</subfield>
  </datafield>
  <datafield tag="260" ind1=" " ind2=" ">
   <subfield code="a">Amsterdam ;</subfield>
   <subfield code="a">Boston :</subfield>
   <subfield code="b">North-Holland/Elsevier,</subfield>
   <subfield code="c">c2008.</subfield>
  </datafield>
  <datafield tag="300" ind1=" " ind2=" ">
   <subfield code="a">Ένα html e-book.</subfield>
  </datafield>
  <datafield tag="490" ind1="1" ind2=" ">
   <subfield code="a">Handbooks in finance ;</subfield>
  </datafield>
  <datafield tag="533" ind1=" " ind2=" ">
   <subfield code="a">Ηλεκτρονικό βιβλίο</subfield>
   <subfield code="e">Τρόπος πρόσβασης μέσω διαδικτύου.</subfield>
  </datafield>
  <datafield tag="650" ind1=" " ind2="4">
   <subfield code="a">Intermediation (Finance).</subfield>
  </datafield>
  <datafield tag="650" ind1=" " ind2="4">
   <subfield code="a">Banks and banking.</subfield>
  </datafield>
  <datafield tag="655" ind1=" " ind2="4">
   <subfield code="a">Electronic books.</subfield>
  </datafield>
  <datafield tag="700" ind1="1" ind2=" ">
   <subfield code="a">Thakor, Anjan V.</subfield>
  </datafield>
  <datafield tag="700" ind1="1" ind2=" ">
   <subfield code="a">Boot, Arnoud W. A.</subfield>
   <subfield code="q">(Willem Alexander),</subfield>
   <subfield code="d">1960-</subfield>
  </datafield>
  <datafield tag="830" ind1=" " ind2=" ">
   <subfield code="a">Handbooks in finance.</subfield>
  </datafield>
  <datafield tag="852" ind1=" " ind2=" ">
   <subfield code="a">INST</subfield>
   <subfield code="b">UNIPILB</subfield>
   <subfield code="c">EBOOKS</subfield>
   <subfield code="e">20100624</subfield>
   <subfield code="p">00b40526</subfield>
   <subfield code="q">00b40526</subfield>
   <subfield code="t">ONLINE</subfield>
   <subfield code="y">0</subfield>
  </datafield>
  <datafield tag="856" ind1="4" ind2="0">
   <subfield code="u">http://www.sciencedirect.com/science/book/9780444515582</subfield>
  </datafield>
  <datafield tag="856" ind1="4" ind2=" ">
   <subfield code="d">/webopac/covers/02/40526_9780444515582.jpg</subfield>
  </datafield>
 </record>
</collection>
